Hunger Games Trivia Quiz Stats

 Plays Quiz not verified by Sporcle

Support Sporcle.
Go Orange.
Score 0/10 Timer 04:00
0 Plays Today
Question Answer % Correct
What district does Katniss live in?District 12
98.9%
Katniss is the known as the girl __ ____on fire
95.3%
Who does Katniss become allies with?Rue
90.3%
What training score does Katniss get?11
90.3%
What is Gale's nickname for Katniss?Catnip
90.2%
What does Katniss get from the Cornucopia?Backpack
81.6%
Who wrote The Hunger Games?Suzanne Collins
79.2%
What is the first sponsor gift Katniss received?Burn ointment
79.1%
What do the Gamemakers send at the end of the game to bring the tributes together?Muttations
64.2%
What do Katniss and Peeta do that brings an end to the game?Almost eat Nightlock
60.7%

You're not logged in!

Compare scores with friends on all Sporcle quizzes.
OR
Log In

From the Vault

4x4 Image Crossword: Movie Posters

by bhenderson79

Big screen, little crossword.
Remove Ads.
Support Sporcle.
Get the best of Sporcle when you Go Orange. This ad-free experience offers more features, more stats, and more fun while also helping to support Sporcle. Thank you for becoming a member.

Show Comments

Extras

Top Quizzes Today


Score Distribution

Your Account Isn't Verified!

In order to create a playlist on Sporcle, you need to verify the email address you used during registration. Go to your Sporcle Settings to finish the process.

Report this User

Report this user for behavior that violates our Community Guidelines.

Details: